000 00436nam a22001457a 4500
008 250714b |||||||| |||| 00| 0 eng d
020 _a9788065694
050 _aJC423
_b.S35
100 _aSaliu Hassan A.
245 _aDemocracy and Development in Nigeria Economic and Environmental Issues
260 _aLagos
_bConcept Publication LTD
_c2006
300 _axii, 368p.
_bill.
650 _aSelf government
_vPolitical Science
942 _cBK
999 _c4287
_d4287